[Event "Montigny le Bretonneux op 21st"]
[Site "Montigny le Bretonneux"]
[Date "2017.05.28"]
[Round "7"]
[White "Branson, James"]
[Black "Marchal, Gregory"]
[Result "1-0"]
[WhiteElo "1564"]
[BlackElo "1500"]
[PlyCount "71"]
[EventDate "2017.05.25"]
[EventType "swiss"]
[EventRounds "9"]
[EventCountry "FRA"]
[SourceTitle "EXT 2020"]
[Source "ChessBase"]
[SourceDate "2019.10.17"]
[SourceVersion "1"]
[SourceVersionDate "2019.10.17"]
[SourceQuality "1"]

1. e4 e6 2. d4 d5 3. Nd2 Nf6 4. e5 Nfd7 5. Ne2 Nc6 6. Nf3 Be7 7. Bf4 f6 8. Qd2 0-0 9. c3 fxe5 10. Nxe5 Ncxe5 11. dxe5 Bc5 12. f3 Rf7 13. Nd4 Nf8 14. Bg3 Ng6 15. h4 h5 16. Bd3 Ne7 17. Qg5 Bxd4 18. cxd4 Bd7 19. Qxh5 Nf5 20. Bf2 Qe7 21. a3 b6 22. Rc1 Rc8 23. Ke2 c5 24. g4 Nh6 25. Qg6 Kf8 26. Qh7 Rf4 27. Be3 Rxd4 28. Bxd4 cxd4 29. Rxc8+ Bxc8 30. Rc1 Bb7 31. g5 Nf5 32. Bxf5 exf5 33. Qxf5+ Ke8 34. e6 Ba6+ 35. Kd2 Qd6 36. Qf7+ 1-0

[Event "Montigny le Bretonneux op 21st"]
[Site "Montigny le Bretonneux"]
[Date "2017.05.28"]
[Round "9"]
[White "Trevisiol, Antoine"]
[Black "Marchal, Gregory"]
[Result "1-0"]
[WhiteElo "1194"]
[BlackElo "1500"]
[PlyCount "109"]
[EventDate "2017.05.25"]
[EventType "swiss"]
[EventRounds "9"]
[EventCountry "FRA"]
[SourceTitle "EXT 2020"]
[Source "ChessBase"]
[SourceDate "2019.10.17"]
[SourceVersion "1"]
[SourceVersionDate "2019.10.17"]
[SourceQuality "1"]

1. d4 Nf6 2. c4 e6 3. Nc3 Bb4 4. Qc2 Bxc3+ 5. Qxc3 d5 6. Bg5 h6 7. Bxf6 Qxf6 8. e3 a6 9. Nf3 Nd7 10. c5 0-0 11. Bd3 Re8 12. c6 Nb8 13. cxb7 Bxb7 14. Qxc7 Qe7 15. Qxe7 Rxe7 16. Rc1 Nc6 17. a3 f6 18. 0-0 e5 19. dxe5 fxe5 20. Bb1 Rd8 21. Ba2 Kf8 22. Rfd1 d4 23. exd4 exd4 24. Rd2 Red7 25. Rcd1 a5 26. Kf1 Ba6+ 27. Kg1 Rd6 28. Ne1 Bb5 29. b3 Ke7 30. a4 Ba6 31. Nc2 d3 32. Ne1 Nb4 33. f4 Kf6 34. Kf2 Kf5 35. g3 Ke4 36. Bb1 Rd5 37. Nf3 Rf8 38. Ne5 Rxe5 39. Re1+ Kd4 40. Rxe5 Kc3 41. Rd1 Kxb3 42. Rxa5 Re8 43. Re5 Rd8 44. Re3 Kxa4 45. Rd2 Kb3 46. Rf3 Kc3 47. Ke1 Bc4 48. Rff2 Re8+ 49. Kf1 Ra8 50. Bxd3 Bxd3+ 51. Kg2 Be4+ 52. Kh3 Ra5 53. g4 Nd5 54. Ra2 Rb5 55. Ra3+ 1-0

[Event "Montigny le Bretonneux op 21st"]
[Site "Montigny le Bretonneux"]
[Date "2017.05.25"]
[Round "3"]
[White "Artieres, Michel"]
[Black "Marchal, Gregory"]
[Result "1-0"]
[WhiteElo "1753"]
[BlackElo "1500"]
[PlyCount "53"]
[EventDate "2017.05.25"]
[EventType "swiss"]
[EventRounds "9"]
[EventCountry "FRA"]
[SourceTitle "EXT 2020"]
[Source "ChessBase"]
[SourceDate "2019.10.17"]
[SourceVersion "1"]
[SourceVersionDate "2019.10.17"]
[SourceQuality "1"]

1. e4 e6 2. d4 d5 3. Nd2 Nf6 4. Bd3 c5 5. exd5 Nxd5 6. Ngf3 Nf4 7. Bb5+ Nc6 8. Bxc6+ bxc6 9. 0-0 cxd4 10. Nb3 Nd5 11. Qxd4 Qb6 12. c3 Ba6 13. Re1 Qxd4 14. Nfxd4 c5 15. Nxe6 fxe6 16. Rxe6+ Kf7 17. Rxa6 Nb6 18. Be3 Nd7 19. Rd1 Ne5 20. f4 Nc4 21. Bxc5 Bxc5+ 22. Nxc5 Rhd8 23. Rxd8 Rxd8 24. Rxa7+ Kg6 25. Rd7 Re8 26. b3 Nb6 27. Rd6+ 1-0